000 00200nam a2200109Ia 4500
100 _a#N/A
650 _aComputer/ IT
942 _cBK
245 _aShadow grounds
260 _b#N/A
546 _aENGLISH
999 _c21971
_d21971